Statistics for Cricket ODI General Knowledge

Click here to take the quiz!

General Stats

  • This quiz has been taken 40 times
  • The average score is 10 of 20

Answer Stats

QuestionAnswer% Correct
Who has scored the most four's in ODI history (as of 2019)Sachin Tendulkar
71%
Who did Eoin Morgan overtake to become the most capped English ODI player (the previous record holder retired in 2011)Paul Collingwood
69%
2 nations played in an unbelievable match in 2007 that 'changed ODI cricket forever'.South Africa v Australia
69%
Which kiwi famously scored a double century at the world cup finals?M.Guptill
66%
Which 2 Pakistani's are placed 2nd & 3rd in highest ODI wicket takers of all time?Wasim Akram & Waqar Younis
66%
Who is not in the top 3 all time ODI run scorers for Sri Lanka ?Thilikaratne Dilshan
63%
In 2015 A.B. De Villiers set a new record for fastest (16 balls). Who set the previous record all the way back in 1996?Sanath Jayasuriya
57%
Who was NOT in Australia's 2015 world cup squad?U.Khawaja
54%
Who has NOT scored 10000 ODI runs?A.Gilchrist
49%
Who played in ODI's from 1996 - 2015 and retired with a strike rate of 117, quite incredible considering the era he played in and length of careerShahid Afridi
49%
Who is the only bowler to have scored an ODI tonne?Shaun Pollock
49%
Why did Shane Warne not play in the 2003 world cup final?Suspension
49%
Which group is NOT all left hand bowlersBollinger, Johnson, Katich, M.Hussey
43%
Which group is NOT all left hand batsmenTaylor, Hayden, Boon, Bevan, Gilchrist
43%
Which is not true?Mitchell Johnson dismissed Brendon McCullum in the first over of the 2015 ICCWC Final
37%
Who has scored the most centries in ODI's for England?Joe Root
34%
Which namesakes have not both played at the world cup for Australia (doesn't have to be the same tournament)?Mitch & Shaun Marsh
31%
Who is originally NOT from WAA.Gilchrist
29%
Which is incorrect of the highest ODI wicket takers?AUS: Brett Lee
26%
Which wicketkeeper boasts the most ODI dismissals?Kumar Sangakkara
17%

Score Distribution

Percentile by Number Answered

Percent of People with Each Score

Your Score History

You have not taken this quiz